Kleinsten kreisfreien Städte Deutschlands - Statistiken

Allgemein
  • Dieses Quiz wurde 62 mal gespielt
  • Das Durchschnittsergebnis liegt bei 13 aus 20
Antwortstatistiken
Einwohnerzahl Bundesland Stadt % Korrekt
46.656 Bayern Hof
77%
45.857 Bayern Memmingen
75%
53.907 Bayern Passau
73%
34.534 Rheinland-Pfalz Zweibrücken
73%
40.682 Rheinland-Pfalz Pirmasens
71%
51.368 Rheinland-Pfalz Speyer
71%
37.009 Thüringen Suhl
70%
57.025 Baden-Württemberg Baden-Baden
68%
42.534 Bayern Amberg
66%
41.842 Bayern Coburg
66%
49.051 Rheinland-Pfalz Frankenthal (Pfalz)
64%
43.052 Bayern Weiden in der Oberpfalz
64%
45.792 Bayern Kaufbeuren
63%
54.675 Bayern Schweinfurt
63%
49.164 Bayern Straubing
63%
42.221 Bayern Ansbach
61%
50.535 Niedersachsen Emden
61%
41.227 Bayern Schwabach
59%
53.981 Rheinland-Pfalz Neustadt an der Weinstraße
46%
47.610 Rheinland-Pfalz Landau in der Pfalz
36%
Keine übereinstimmenden Quizze gefunden
Verteilung der Resultate
Anzahl Personen mit jedem Resultat
Perzentil nach korrekt beantworteten Fragen
Ihre Resultats-Entwicklung
Sie haben dieses Quiz noch nicht gespielt